[Event "RUS-chT 20th"]
[Site "Loo"]
[Date "2013.04.11"]
[Round "5.3"]
[White "Bologan, Viktor"]
[Black "Atalik, Suat"]
[Result "1/2-1/2"]
[WhiteElo "2681"]
[BlackElo "2593"]
[Annotator "Atalik,S"]
[PlyCount "111"]
[EventDate "2013.04.07"]
[EventType "team-swiss"]
[EventRounds "7"]
[EventCountry "RUS"]
[SourceTitle "EXT 2014"]
[Source "ChessBase"]
[SourceDate "2013.11.20"]
[SourceVersion "1"]
[SourceVersionDate "2013.11.20"]
[SourceQuality "1"]
[WhiteTeam "Ekaterinburg Malakhit"]
[BlackTeam "Kazan"]
[WhiteTeamCountry "RUS"]
[BlackTeamCountry "RUS"]

1. e4 e5 2. Nf3 Nc6 3. Bb5 a6 4. Ba4 d6 5. O-O (5. c3 Bd7 6. d4 g6 7. d5 Nce7
8. Bxd7+ (8. c4 $6 b5 9. cxb5 axb5 10. Bb3 Nf6 11. Qe2 Bg7 12. O-O O-O $15)
8... Qxd7 9. c4 Bg7 10. Nc3 h6 11. O-O f5 {could also have arised from the
game's move order.}) 5... Bd7 6. c3 g6 7. d4 Bg7 {This is an important
position for the test of the line.} 8. Re1 (8. d5 Nce7 9. Bxd7+ Qxd7 10. Be3 h6
11. Nfd2 f5 12. f3 Nf6 13. c4 O-O 14. Nc3 {is a particularly interesting
position:a Kings Indian without light squared Bishops.Having traded the bad
ones White should stand better,albeit the exchange also helps Black since he
enjoys more space.}) 8... Nf6 (8... h6 $5) 9. d5 Ne7 10. Bxd7+ Nxd7 11. a4 $6 {
A very strange move reminiscent of what I have done once with Bolgan,himself
in Manila.} (11. c4 h6 12. Nc3 O-O) 11... h6 $5 (11... O-O 12. a5 h6 13. c4 f5
14. Nc3 Nf6 $13) 12. c4 a5 $5 13. b3 f5 (13... Nc5 14. Ba3 Na6 15. Nc3 O-O $132
) 14. Nc3 Nc5 15. Ba3 fxe4 $5 {Very active play but was it necessary to play
in this way?} (15... Na6 $13 {is solid enough.}) 16. Nd2 Nd3 $6 (16... b6 17.
Ndxe4 O-O {was normal.}) 17. Rxe4 $6 (17. Rf1 {Obviously the real test of
whatever we had over the board was} b6 $1 (17... O-O 18. Ndxe4 Nf4 19. g3 Nh3+
20. Kg2 Qd7 21. c5 Nf5 22. cxd6 cxd6 23. Nb5 $16) 18. Ndxe4 Nc5 19. Bxc5 bxc5
20. f4 O-O $132) 17... O-O 18. Nf3 Nb4 $1 {This is the part of the board where
my Kinght does a good job.} (18... Nf4 19. Bc1) 19. Na2 (19. Qe2 c5 $5) 19...
Na6 20. Qd3 b6 21. Rae1 Nc5 22. Bxc5 bxc5 23. Nc3 Qd7 24. h3 Rf7 25. R1e2 g5 $1
{Black should not be afraid of pushing his pawns to Black squares.} 26. Rg4
Raf8 27. Nd2 Rf4 $5 {I have half heartedly gone for this line.} (27... Bf6 28.
Nde4 Rg7 $13 {is certainly possible.}) 28. Rxf4 gxf4 (28... exf4 $2 {is
punished by.} 29. Nb5 $1 (29. Re6 Bxc3 30. Qxc3 Nf5 31. Nf3 (31. Ne4 Nd4) 31...
Qg7 32. Qxa5 h5 $44)) 29. Nb5 Nf5 30. Nf3 c6 31. dxc6 $5 {An unexpected move
at least for me.} (31. Nc3 cxd5 (31... Nd4 $6 32. Nxd4 cxd4 33. dxc6 Qxc6 34.
Nd5 Qd7 35. f3 Bf6 36. Rb2 $16) (31... Rf7 $5) 32. Qxd5+ Qf7 $13) 31... Qxc6
32. Nc3 (32. Qd5+ $2 Qxd5 33. cxd5 Bf6 (33... c4 34. bxc4 Rc8 35. Nd2) 34. Nd2
Nd4 35. Nxd4 cxd4 36. Nc4 Rb8 $17) 32... Qc8 33. Rd2 Qe6 34. Qe4 Kh8 35. Nb5
Rg8 36. Rd3 Bf8 37. Kf1 Qg6 38. Nd2 Be7 39. Ke2 h5 40. Kd1 Kh7 $5 {During the
game I have thought that I was much better and here I have botched it up.Alas
now I am not sure about anything.} (40... h4 41. Ke1 $11) 41. g3 $1 fxg3 42.
fxg3 Kh6 43. Nf1 Nd4 $15 44. Qxg6+ Kxg6 45. Nd2 Kf5 46. Nc3 Ke6 47. Nd5 Bd8 (
47... Rb8 48. Nc7+ Kd7 49. Nd5 $11) 48. Ne4 Rg7 49. Ndc3 Rf7 50. Ke1 Be7 51.
Nb5 Rf8 52. Nd2 Nc2+ {I believe in White's share of chances and I really could
not break his defence.} (52... h4 53. g4 $1 Rf4 54. Nc7+ Kd7 55. Nd5 Rf7 56.
Ne4 $11) 53. Ke2 Nd4+ 54. Ke1 Nc2+ 55. Ke2 Nd4+ 56. Ke1 1/2-1/2

[Event "Khanty-Mansiysk FIDE GP (Women)"]
[Site "Khanty-Mansiysk"]
[Date "2014.04.21"]
[Round "11"]
[White "Muminova, Nafisa"]
[Black "Stefanova, Antoaneta"]
[Result "0-1"]
[WhiteElo "2321"]
[BlackElo "2489"]
[Annotator "ChessBase Website"]
[PlyCount "78"]
[EventDate "2014.04.09"]
[EventType "tourn"]
[EventRounds "11"]
[EventCountry "RUS"]
[EventCategory "10"]
[SourceTitle "CBM 160"]
[Source "ChessBase"]
[SourceDate "2014.05.15"]
[SourceVersion "1"]
[SourceVersionDate "2014.05.15"]
[SourceQuality "1"]
[TimeControl "40/5400+30:1800+30"]
[WhiteClock "1:30:00"]
[BlackClock "1:30:00"]

1. e4 {[%emt 0:00:00]} e5 {[%emt 0:00:00]} 2. Nf3 {[%emt 0:00:00]} Nc6 {
[%emt 0:00:00]} 3. Bb5 {[%emt 0:00:00]} a6 {[%emt 0:00:00]} 4. Ba4 {[%emt 0:00:
00]} d6 {[%emt 0:00:25]} 5. O-O {[%emt 0:01:48]} Nf6 {[%emt 0:11:51]} 6. d3 {
[%emt 0:05:15]} g6 (6... Be7 7. c3 O-O 8. Re1 b5 9. Bc2 d5 10. Nbd2 dxe4 11.
dxe4 Be6 12. Bb3 Bxb3 13. axb3 Qd3 14. Qe2 Qxe2 15. Rxe2 Rfd8 16. Re1 Nd7 17.
b4 a5 18. bxa5 Rxa5 19. Rb1 Ra2 20. Nb3 Nb6 21. Kf1 Na4 22. h3 f6 23. Re2 b4
24. c4 Rd3 25. Re3 Rxe3 26. fxe3 Nd8 27. Ne1 Nb7 28. Nd3 Kf7 29. Bd2 Nac5 30.
Nbxc5 Nxc5 31. Nxc5 {0-1 (31) Maslak,K (2566)-Matlakov,M (2668) St Petersburg
2012}) 7. c4 {[%emt 0:00:42]} Bg7 {[%emt 0:03:12]} 8. Nc3 {[%emt 0:04:46]} O-O
{[%emt 0:05:09]} 9. Nd5 {[%emt 0:00:30]} h6 10. Be3 {[%emt 0:09:21]} Ng4 {
[%emt 0:10:26]} 11. Qc1 {[%emt 0:02:32]} f5 {[%emt 0:14:59]} 12. c5 {[%emt 0:
04:44]} fxe4 13. dxe4 {[%emt 0:01:28]} Rxf3 $1 {[%emt 0:08:57] Muminova was
simply too careless with her kingside, alowing Stefanova to crash through with
an obvious exchange sacrifice. Even then her position was only slightly worse,
with Black having a good attack as compensation for the exchange, but she
panicked and gave back too much material. The combination of the multiple
weaknesses and the extra material for Black gave Stefanova an easy victory.}
14. Bg5 {[%emt 0:02:50]} hxg5 {[%emt 0:05:08]} 15. gxf3 {[%emt 0:00:11]} Nd4 {
[%emt 0:01:44]} 16. Bd1 {[%emt 0:09:47]} Nh6 {[%emt 0:00:18]} 17. cxd6 {
[%emt 0:00:23]} cxd6 {[%emt 0:00:10]} 18. Kh1 {[%emt 0:04:30]} Be6 {[%emt 0:05:
17]} 19. Nc3 {[%emt 0:03:02]} Qf6 {[%emt 0:05:08]} 20. Qe3 {[%emt 0:03:05]} Rf8
{[%emt 0:02:26]} 21. Rg1 {[%emt 0:00:50]} Nxf3 {[%emt 0:01:23]} 22. Rg3 {
[%emt 0:09:57]} Nh4 {[%emt 0:02:05]} 23. f3 {[%emt 0:01:15]} Qf4 {[%emt 0:04:
19]} 24. Qd3 {[%emt 0:02:21]} Nf7 {[%emt 0:06:38]} 25. Be2 {[%emt 0:05:55]} b5
{[%emt 0:01:33]} 26. b3 {[%emt 0:00:45]} Rc8 {[%emt 0:00:53]} 27. Rag1 {
[%emt 0:01:57]} Rc5 {[%emt 0:02:42]} 28. b4 {[%emt 0:08:19]} Rc4 {[%emt 0:00:
58]} 29. Bd1 {[%emt 0:03:11]} Rd4 {[%emt 0:02:58]} 30. Qf1 {[%emt 0:00:34]} Qd2
{[%emt 0:01:48]} 31. Nd5 {[%emt 0:05:32]} Bxd5 {[%emt 0:00:48]} 32. exd5 {
[%emt 0:00:04]} Nf5 {[%emt 0:00:15]} 33. R3g2 {[%emt 0:00:11]} Qxb4 {[%emt 0:
00:23]} 34. Qf2 {[%emt 0:01:47]} e4 {[%emt 0:01:08]} 35. fxe4 {[%emt 0:01:10]}
Rxe4 {[%emt 0:00:05]} 36. Qa7 {[%emt 0:00:20]} Bd4 {[%emt 0:00:39]} 37. Qb8+ {
[%emt 0:02:15]} Kg7 {[%emt 0:00:07]} 38. a3 {[%emt 0:02:30]} Qc3 {[%emt 0:01:
41]} 39. Rc2 {[%emt 0:00:22]} Qh3 {[%emt 0:00:46]} 0-1

[Event "FRA-chA 85th"]
[Site "Belfort"]
[Date "2010.08.19"]
[Round "10"]
[White "Edouard, Romain"]
[Black "Tkachiev, Vladislav"]
[Result "1-0"]
[WhiteElo "2620"]
[BlackElo "2639"]
[Annotator "Edouard,R"]
[PlyCount "39"]
[EventDate "2010.08.09"]
[EventType "tourn"]
[EventRounds "11"]
[EventCountry "FRA"]
[EventCategory "14"]
[SourceTitle "CBM 138"]
[Source "ChessBase"]
[SourceDate "2010.09.17"]
[SourceVersion "1"]
[SourceVersionDate "2010.09.17"]
[SourceQuality "1"]

{After 4 draws in a row, while Laurent was winning near by every game, it was
clear that I had to go for a win in one of the two last games.} 1. e4 e5 2. Nf3
Nc6 3. Bb5 a6 4. Ba4 b5 5. Bb3 Na5 {A scarce line. The e5-pawn is untouchable
and Black wants to get rid of the bishop pair.} 6. O-O (6. Nxe5 $6 Nxb3 7. axb3
Qe7 {and Black has no problem at all.}) 6... d6 7. Re1 $5 {I didn't know any
theory there, only that 7.d4 was the main move. So I decided tro try this idea
because there were some tricks.} Nf6 (7... Nxb3 $5 8. axb3 c5 9. b4 $5 {
was my idea :} cxb4 10. d4 $36) (7... c5 $2 8. Bd5 $16 {followed by c3-d4.}) 8.
d4 Nd7 $2 {Actually a theoretical mistake. It seemed suspicious to me over the
board, and after a huge reflection, I managed to calculate the refutation up
to the end! This calculation simply leads to the end of the game! I really
couldn't believe that maybe I was going to win so easily again a player of
Vlad's class.} (8... Nxb3 9. axb3 Nd7 {was necessary, and after} 10. c4 $5 {
White is slightly better.}) 9. dxe5 Nxb3 (9... dxe5 $2 10. Bxf7+ Kxf7 11. Qd5+
$18) (9... Nxe5 $2 10. Nxe5 dxe5 (10... Nxb3 11. Nxf7 $18) 11. Bxf7+ $18) 10.
Bg5 $1 f6 (10... Be7 11. Bxe7 Qxe7 12. exd6 $18) 11. exf6 gxf6 12. e5 $1 {
Black king's protection explodes. But it was definitely necessary to see the
final blow on move 16.} dxe5 (12... fxg5 13. exd6+ Kf7 14. dxc7 Qxc7 (14... Qf6
15. axb3 $5 $18 {and Black's position is in ruin.}) 15. Nxg5+ Kf6 (15... Kg6
16. Ne6 $18) 16. Ne6 Qc6 17. Nd8 $1 {(the most simple so far) followed by Qf3
and White wins.}) (12... Nxa1 13. exf6+ Kf7 14. Qd5+ Kg6 15. Nh4+ Kh5 16. g4+
Kxg4 17. Qf5+ Kh5 18. Bc1+ Kxh4 19. Re4#) 13. Nxe5 Nxe5 $8 14. Rxe5+ Be7 15.
Qh5+ Kd7 $8 (15... Kf8 $2 16. Bh6+ Kg8 17. Re3 $18) 16. Bxf6 $1 {The final
blow. Probably what Vlad had missed!} Nxa1 {A solution as a last resort.} (
16... Bxf6 17. Rd5+ Kc6 18. Rxd8 Rxd8 19. axb3 Bxb2 20. Ra2 $18) (16... Re8 {
in order to cover Rd5+ with ...Bd6, crossed my mind during the game, but a
simple rebuttal is:} 17. Bxe7 (17. axb3 $5 Bxf6 18. Rxe8 Qxe8 19. Qd5+ $18) ({
In fact, even} 17. Rd5+ {works:} Bd6 18. Rxd6+ $1 cxd6 19. Qh3+ Kc6 20. Qc3+ $1
$18) 17... Rxe7 18. axb3 $18) 17. Bxe7 Qxe7 (17... Qg8 18. Qf5+ Kc6 19. Qe4+
Kd7 (19... Kb6 $2 20. Bc5+ Ka5 21. Qb4#) 20. Rd5+ {wins.} (20. Bb4 $5)) 18.
Rxe7+ Kxe7 19. Qc5+ $1 {Black loses a piece in every line.} (19. Qe5+ $4 Be6
$132) 19... Kf7 $8 20. Qxc7+ {After this victory, I had chosen to be solid in
the last round against Andrei Sokolov (with black pieces), in order to wait
for a tiebreak match against Laurent Fressinet, who had to hold against
Etienne Bacrot with black pieces. Naturally, I still had a hope that Etienne
would make the work for me (he has a very good score against Laurent) but the
suspense was short-term because Laurent succeeded in making draw very easily
thanks to a great preparation from hi side. Thus we both shared first place
with 8 out of 11, leaving Etienne, a little bit unlucky in the tournament,
with 7 out of 11 "only".  There comes the tiebreak, the stress rises on both
sides. For me it's a first experience, and for Laurent, it is the possibility
of fulfilling the dream he maintains since his first participation 13 years
ago. Please tell me that I will not replace him for the next 11 years !!  The
system was: 2 rapid games, followed by 2 blitz games in case of equality,
followed by 2 new blitz games in case of new equality, followed by a "sudden
death" game if needed.  In the first rapid game, I played 1.c4 in order to
surprise my opponent and try to play something but a classic position - he's
definitely very well prepared with black pieces. Laurent surprised me with 1...
c5. I didn't play the opening convincingly, and after being slightly worse,
the game ended in a draw.  In the second one, I employed a Grünfeld defense
and I obtained a line which I had analyzed. Laurent played me a dubious
continuation at some point, but instead of playing a very simple way (17...a5)
with compensations more than sufficient for the pawn (White has to fight for a
draw according to my post-mortem analyses), I confused myself and decided to
enter a long variation after a huge reflection. Problem: I made a very
tremendous calculation mistake (after 23...Rc2 24.Re1 I overlooked that 24...
Bf2 25.Na3 Bxe1 26.Nxc2 protects White's bishop on b4!!.) With a pawn less and
the disappeared compensations, plus the irreproachable technique of Laurent,
it was clear that I had lost the title.  I congratulate Laurent on his title
and I am very happy for him in spite of my "obvious" disappointment. I made a
beautiful performance and I only be happy. Laurent is an exemplary player and
he fully deserves this title. Let's note that after this tournament he peaks
around place 25th in the world ranking, a beautiful achievement which rewards
his work and his sympathy! Also congratulations to M. Touze for the beautiful
organization of the event.} (20. Qxc7+ Kg8 21. Qd8+ Kg7 22. Qd4+ Kg8 23. Qd5+
$18) 1-0

[Event "Reykjavik op"]
[Site "Reykjavik"]
[Date "2018.03.11"]
[Round "6"]
[White "Friedel, Joshua E"]
[Black "Rapport, Richard"]
[Result "0-1"]
[WhiteElo "2562"]
[BlackElo "2715"]
[Annotator "Fernandez,D"]
[PlyCount "88"]
[EventDate "2018.03.06"]
[EventType "swiss"]
[EventRounds "9"]
[EventCountry "ISL"]
[SourceTitle "CBM 184"]
[Source "ChessBase"]
[SourceDate "2018.05.16"]
[SourceVersion "1"]
[SourceVersionDate "2018.05.16"]
[SourceQuality "1"]

1. Nf3 Nc6 {Once more Richard Rapport is going to get a normal position by
abnormal methods.} 2. e4 e5 3. Bb5 a6 4. Ba4 Nf6 5. O-O d6 {Black's main moves
here are, of course, ...Be7 and ...Nxe4.} 6. c3 (6. Bxc6+ bxc6 7. d4 {has
scored highly, and I think this is a very good try for an advantage against 5..
.d6.} Be7 $1 (7... exd4 8. Nxd4 Bd7 (8... c5 9. Nc6 Qd7 10. Na5 Be7 11. Nc3 $14
) 9. Qf3 c5 (9... Be7 {tries to transpose to 7...Be7 but there is} 10. e5 $1
Nd5 11. exd6 cxd6 12. c4 $14) 10. Nf5 Bxf5 11. exf5 Be7 (11... Rb8 12. Qg3 $16
{Black will be unable to castle and is in trouble.} (12. g4 $5 $40 {Karjakin,
S-Aronian,L Nice 2010, was a more direct, if less strong, alternative.})) 12.
c4 O-O 13. Nc3 $14) (7... Nd7 $5 8. dxe5 dxe5 9. Be3 {and White's positional
grip should outweigh the bishop pair, although nothing is certain yet}) 8. Nc3
(8. dxe5 Nxe4 {is fine for Black}) 8... exd4 9. Nxd4 Bd7 10. Qf3 O-O {It seems
like White should be slightly better, maybe with 11.h3, but the game is
imbalanced. This is a logical outcome of 5...d6.}) (6. Re1 Be7 7. c3 Bg4 8. h3
Bh5 {has been the main continuation recently, but now White might have to play
a d3-type setup rather than d4.}) 6... Nxe4 7. d4 Bd7 {There now follow
several nearly-forced moves from both sides.} 8. Re1 Nf6 9. Bxc6 Bxc6 10. dxe5
dxe5 11. Qxd8+ Kxd8 12. Nxe5 Be8 (12... Bd5 {has also been played, notably by
the White player in the main game!} 13. Bg5 Be6 14. Nd2 Bd6 15. Ndc4 $14 {
Albornoz Cabrera,C -Friedel,J Merida 2017}) 13. Bg5 h6 14. Bxf6+ gxf6 15. Ng4
Be7 {Now White is undoubtedly slightly better, but finding a useful plan in
such a fluid position is another question.} 16. Na3 (16. Ne3 Bd7 17. Nd2 $14 {
is another valid way to start, bringing a knight to f5 as the first order of
business.}) 16... Bd7 17. Rad1 Kc8 18. Ne3 (18. Rxe7 {looks obvious, but
White's rook gets into tactical trouble.} Bxg4 19. f3 Be6 20. Nc2 Rd8 $1 $132)
18... Be6 19. Nd5 Bd8 (19... Bxa3 20. bxa3 f5 {could be objectively correct
but it is hard to play for a win like this.}) 20. Nc4 (20. b3 $5 a5 21. Nf4 $14
) 20... a5 21. a4 Ra6 {Black seems to have equalised.} 22. b3 $6 (22. Re4 $11 {
keeps trying to play Nf4.}) 22... Rc6 (22... c6 23. Nde3 Bc7 $15) 23. Nce3 Rd6
24. b4 Rg8 25. b5 Rd7 26. c4 c6 27. Nf4 Bb6 (27... Bc7 $36 {is also possible,
but maybe Black didn't wish to encourage White to take on e6.}) 28. bxc6 (28.
Nxe6 fxe6 29. h3 $11 {is still not too bad, because the position is quite
closed.}) 28... bxc6 29. Rxd7 Bxd7 30. Rc1 (30. Nh5 Rg6 31. g3 $11 {maintains
a grip on the position.}) 30... Bd4 31. Rd1 Bc5 $15 32. Nh5 Rg6 $6 (32... Bg4
$1 33. Nxg4 Rxg4 $17 {is practically almost impossible for White to defend.})
33. Ng3 Kc7 34. Ne4 Bb4 35. h4 $6 (35. Ng3 $11 {is the computer's advice, just
sitting still and awaiting developments, as the position is not that bad.})
35... f5 36. h5 (36. Rxd7+ Kxd7 37. Nxf5 {would be a depressing call to make,
and probably not one crowned with success either, even if the engines want it.}
) 36... Re6 $1 37. Nd2 f4 38. Nc2 Rd6 39. Nxb4 axb4 {This pawn will cost a
piece. The rest is basically trivial.} 40. Kf1 Bf5 41. c5 Rd5 42. Ke1 Bc2 43.
Rc1 Re5+ 44. Kf1 b3 0-1

[Event "RUS-Cup9"]
[Site "Novgorod"]
[Date "1997.06.15"]
[Round "4"]
[White "Landa, Konstantin"]
[Black "Yandemirov, Valeri"]
[Result "1/2-1/2"]
[WhiteElo "2570"]
[BlackElo "2500"]
[Annotator "Hecht,H"]
[PlyCount "131"]
[EventDate "1997.06.11"]
[EventType "swiss"]
[EventRounds "9"]
[EventCountry "RUS"]
[SourceTitle "CBM 060"]
[Source "ChessBase"]
[SourceDate "1997.09.29"]
[SourceVersion "1"]
[SourceVersionDate "1997.09.29"]
[SourceQuality "1"]

1. e4 e5 2. Nf3 Nc6 3. Bb5 a6 4. Ba4 d6 5. c3 g6 6. d4 Bd7 7. O-O Bg7 8. Re1
Nf6 9. Nbd2 O-O 10. Bc2 Re8 11. h3 Qe7 12. Nf1 Qf8 13. Ng3 Rad8 14. Be3 Bc8 15.
Qe2 Bh6 16. Qd2 Bxe3 17. Qxe3 Qg7 18. Rad1 Kh8 19. Qc1 h6 20. Ba4 b5 21. Bc2
Nh5 22. Nxh5 gxh5 23. Kh1 Rg8 24. Rg1 Qf6 25. Qe3 Rg6 26. dxe5 Nxe5 27. Nxe5
dxe5 28. Rxd8+ Qxd8 29. Rd1 Qe7 30. Rd3 Kg7 31. b4 Be6 32. Bb3 Qg5 33. Qxg5
hxg5 34. Kg1 Bxb3 35. axb3 Rc6 36. Kf1 Kf6 37. Ke2 Ke7 38. Rf3 Rf6 39. Rg3 Rg6
40. Kd2 Rd6+ 41. Ke2 Rg6 42. Ke3 h4 43. Rf3 Ke6 44. Ke2 Rg8 45. Rd3 Rg6 46. Rd8
Ke7 47. Rd5 Re6 48. c4 c6 49. Rd2 bxc4 50. bxc4 Rd6 51. Rxd6 Kxd6 {[%csl Rh4] 
[#] Wegen der besseren Königsstellung und der potentiellen Bauernschwäche h4
kann Weiß einen gedeckten Freibauern eben auf h4 etablieren. Doch hindert der
schwarze Bauerndurchbruch f5 den Weißen daran, a6 zu erobern. Status quo -->
Remis.} 52. c5+ Ke6 53. g3 (53. Kf3 f5 54. exf5+ Kxf5 55. g4+ (55. g3 e4+ 56.
Ke3 Ke5 $17 {[%csl Rb4] oder sogar -+}) 55... Kf6 56. Ke4 Ke6 57. f3 Kf6 {
[%cal Gc6d5]} 58. Kd3 Ke7 59. Kc3 Ke6 60. Kc4 Ke7 (60... Kf6 $2 61. Kb3 e4 62.
fxe4 Ke5 63. Ka4 Kxe4 64. Ka5 Kf4 65. Kxa6 Kg3 66. b5 $18) 61. Kb3 Kd7 62. Ka4
Kc7 63. Ka5 Kb7 $11) 53... hxg3 (53... Kf6 54. Kf3 hxg3 55. fxg3 Kg7 (55... Kg6
56. Kg4 f6 57. h4 $18 {entfernter Freibauer}) 56. Kg4 Kg6 57. h4 f6 58. h5+ Kh6
59. Kf5 Kxh5 60. Kxf6 Kg4 61. Kxe5 Kxg3 62. Kf5 g4 63. e5 $18 {Weiß kann
Damentausch erzwingen und räumt dann den Damenflügel ab.}) 54. fxg3 g4 $1 55.
h4 Kf6 56. Kd3 Kg7 57. Kc4 f6 58. Kb3 Kf7 59. Ka4 Kg7 60. Kb3 (60. Ka5 $2 f5
61. Kxa6 f4 62. b5 f3 63. bxc6 f2 64. c7 f1=Q+) 60... Kg6 61. Kb2 Kg7 62. Ka3
Kg6 63. Kb3 Kf7 64. Ka4 Kg7 65. Ka3 Kg6 66. Kb3 1/2-1/2

[Event "Vaujany op-A 7th"]
[Site "Vaujany"]
[Date "2016.07.20"]
[Round "5"]
[White "Mihok, Oliver"]
[Black "Joie, Sebastien"]
[Result "1/2-1/2"]
[WhiteElo "2509"]
[BlackElo "2387"]
[Annotator "Horvath,J"]
[PlyCount "82"]
[EventDate "2016.07.16"]
[EventType "swiss"]
[EventRounds "9"]
[EventCountry "FRA"]
[SourceTitle "EXT 2017"]
[Source "ChessBase"]
[SourceDate "2016.10.25"]
[SourceVersion "1"]
[SourceVersionDate "2016.10.25"]
[SourceQuality "1"]

1. e4 e5 2. Nf3 Nc6 3. Bb5 a6 4. Ba4 d6 5. O-O Bd7 6. d4 Nf6 7. Bxc6 Bxc6 8.
Re1 Be7 9. Nc3 exd4 10. Nxd4 O-O 11. Nf5 (11. Nxc6 bxc6 12. Ne2 Qd7 13. Ng3
Rfe8 14. Bd2 Qg4 15. e5 dxe5 16. Qxg4 Nxg4 17. h3 Nf6 18. Rxe5 Bd6 19. Rxe8+
Rxe8 20. Re1 Rxe1+ 21. Bxe1 g6 22. Kf1 Kf8 23. Ke2 Ke7 24. c4 c5 25. Bd2 Be5
26. b3 Bxg3 27. fxg3 Ne4 28. Be3 Nxg3+ 29. Kf3 Nf5 30. Bxc5+ Ke6 31. g4 Nh4+
32. Kf4 f6 33. b4 c6 34. a4 g5+ 35. Ke3 f5 36. a5 Kd7 37. Bd4 Ng2+ 38. Kf3 Ne1+
39. Ke2 Nc2 40. Bc5 fxg4 {Motylev,A (2665)-Demchenko,A (2615) Jerusalem 2015
1-0}) 11... Kh8 $146 (11... Bd7 12. Qf3 Bxf5 13. Qxf5 Re8 14. Bg5 Nd7 15. Bxe7
Rxe7 16. Rad1 Re6 17. Qd5 c6 18. Qd4 Qh4 19. Re3 Rae8 20. Rh3 Qf6 21. Qxf6 Nxf6
22. Re3 g6 23. Rde1 b5 24. a3 a5 25. b4 Ng4 26. R3e2 Ne5 27. Kf1 Nc4 28. Nb1 a4
29. f3 Kg7 30. Rd1 f5 31. Rde1 fxe4 32. fxe4 Rf8+ 33. Kg1 Rf4 34. c3 c5 35. g3
Rf3 36. Rf2 Rd3 37. Kg2 cxb4 38. axb4 d5 39. e5 Re3 40. Rxe3 Nxe3+ 41. Kf3 {
Gibicar,D (2241)-Zude,A (2389) Germany 2015 0-1}) 12. Bg5 Ng8 13. Nxe7 Nxe7 14.
e5 f6 15. exd6 Ng6 16. Be3 f5 17. dxc7 Qxc7 18. f3 b5 19. Qd4 Qb7 20. Rad1 Rac8
21. a3 a5 22. Bf2 b4 23. axb4 axb4 24. Na2 b3 25. cxb3 Qxb3 26. Nc1 Qb8 27. Bg3
f4 28. Bf2 Rcd8 29. Qb6 Rxd1 30. Rxd1 Qa8 31. Bd4 Bxf3 32. Qc7 Rg8 33. gxf3 (
33. Bxg7+ Rxg7 34. Rd8+) 33... Qxf3 34. Rd3 Qg4+ 35. Kf1 Nh4 36. Bxg7+ Qxg7 37.
Qxg7+ Kxg7 38. Ne2 Kh6 39. Rd4 Nf5 40. Rxf4 Ne3+ 41. Kf2 Nd1+ 1/2-1/2